000 00534cam a2200205ua 4500
001 4275
005 20260515113817.0
008 111222n ii |||gr||||Z||||||eng
040 _cMAIN
082 _a891.4513
100 1 _aBezbaroa, Lakshminath,
245 1 1 _aGrandma`s tales
_cby Lakshminath Bezbaroa
250 _a1st.
260 _aGuwahati:
_bHornbill Publications,
_c2006.
300 _a147p:
_c25cm.
653 _aAssamese Short stories
653 _aGrandma`s tales
700 1 _aBarua, Pallavi,
_eTranlator.,
942 _cBK
999 _c4092
_d4092